000 00306nam a2200121Ia 4500
005 20260328104345.0
008 260328s9999||||xx |||||||||||||| ||und||
100 _aFriedman, Sarah
245 0 _aBuenos Aires travel Guide 2024-2025 /
_cSarah Friedman
300 _a73 p.
650 _aARGENTINA
942 _cBK
999 _c12295
_d12295